|
|
|
|
| LEADER |
00000nam0a2200000 4500 |
| 001 |
346253 |
| 005 |
20231102005851.0 |
| 010 |
|
|
|a 9785922119078
|
| 035 |
|
|
|a (RuTPU)RU\TPU\book\378133
|
| 090 |
|
|
|a 346253
|
| 100 |
|
|
|a 20210728d2021 k y0rusy50 ca
|
| 101 |
0 |
|
|a rus
|
| 102 |
|
|
|a RU
|
| 105 |
|
|
|a a z 011zd
|
| 200 |
1 |
|
|a Академик А. Д. Сахаров. Научные труды
|f Российская академия наук, Физический институт им. П. Н. Лебедева, Отделение теоретической физики
|
| 210 |
|
|
|a Москва
|c Физматлит
|d 2021
|
| 215 |
|
|
|a 592 с.
|c ил.
|
| 300 |
|
|
|a К 100-летию со дня рождения
|
| 320 |
|
|
|a Библиогр.: с. 585-589
|
| 320 |
|
|
|a Библиогр. в конце ст.
|
| 330 |
|
|
|a Книга представляет собрание научных трудов академика А. Д. Сахарова в широком тематическом спектре: термоядерное оружие, управляемый термоядерный синтез, мюонный катализ, взрывомагнитные генераторы, индуцированная гравитация, "сахаровские космологические осцилляции", барионная асимметрия Вселенной и многое другое. Помещенные в книге комментарии ведущих специалистов, включая и написанные для этого издания, позволяют рассмотреть различные направления научной деятельности А. Д. Сахарова в современном контексте.
|
| 600 |
|
1 |
|a Сахаров
|g Андрей Дмитриевич
|b А. Д.
|c российский физик-теоретик
|c общественный деятель
|c академик АН СССР
|f 1921-1989
|2 stltpush
|3 (RuTPU)RU\TPU\pers\1087
|
| 606 |
1 |
|
|a Физики
|x Персоналии
|2 stltpush
|3 (RuTPU)RU\TPU\subj\67452
|9 83245
|
| 610 |
1 |
|
|a физика
|
| 610 |
1 |
|
|a биографии
|
| 610 |
1 |
|
|a воспоминания
|
| 610 |
1 |
|
|a научные исследования
|
| 610 |
1 |
|
|a плазма
|
| 610 |
1 |
|
|a термоядерный синтез
|
| 610 |
1 |
|
|a ядерная физика
|
| 610 |
1 |
|
|a космология
|
| 610 |
1 |
|
|a гравитация
|
| 610 |
1 |
|
|a радиоактивность
|
| 610 |
1 |
|
|a ядерная энергетика
|
| 610 |
1 |
|
|a сейсмология
|
| 610 |
1 |
|
|a экология
|
| 610 |
1 |
|
|a научно-популярные работы
|
| 610 |
1 |
|
|a письма
|
| 610 |
1 |
|
|a научная деятельность
|
| 610 |
1 |
|
|a мюонный катализ
|
| 610 |
1 |
|
|a термоядерное оружие
|
| 610 |
1 |
|
|a взрывомагнитные генераторы
|
| 610 |
1 |
|
|a научные труды
|
| 675 |
|
|
|a 53(092)
|v 4
|
| 712 |
0 |
2 |
|a Российская академия наук
|b Физический институт им. П. Н. Лебедева
|b Отделение теоретической физики
|c (Москва)
|2 stltpush
|3 (RuTPU)RU\TPU\col\3474
|
| 801 |
|
1 |
|a RU
|b 63413507
|c 20210728
|
| 801 |
|
2 |
|a RU
|b 63413507
|c 20210913
|g RCR
|
| 942 |
|
|
|c BK
|